Statistiques concernant Sondage - Vos 6 pays d'Europe préférés

Cliquez ici pour prendre le quiz!

Statistiques générales

  • Ce quiz a été pris 181 fois
  • Le résultat moyen est 6 sur 45

Statistiques - réponses

PaysVos préférés% Correct
FranceFrance
84%
ItalieItalie
68%
EspagneEspagne
51%
GrèceGrèce
32%
SuisseSuisse
31%
AllemagneAllemagne
29%
PortugalPortugal
26%
Royaume-UniRoyaume-Uni
24%
BelgiqueBelgique
23%
NorvègeNorvège
21%
SuèdeSuède
19%
DanemarkDanemark
16%
IrlandeIrlande
16%
IslandeIslande
16%
CroatieCroatie
15%
AutricheAutriche
14%
Pays-BasPays-Bas
14%
FinlandeFinlande
13%
AlbanieAlbanie
11%
MonacoMonaco
11%
AndorreAndorre
10%
MalteMalte
8%
EstonieEstonie
6%
République TchèqueRépublique Tchèque
6%
Bosnie-HerzégovineBosnie-Herzégovine
4%
BulgarieBulgarie
4%
LiechtensteinLiechtenstein
4%
RussieRussie
4%
BiélorussieBiélorussie
3%
HongrieHongrie
3%
LuxembourgLuxembourg
3%
Saint-MarinSaint-Marin
3%
SlovénieSlovénie
3%
KosovoKosovo
2%
Macédoine du NordMacédoine du Nord
2%
MoldavieMoldavie
2%
PolognePologne
2%
RoumanieRoumanie
2%
SerbieSerbie
2%
UkraineUkraine
2%
LettonieLettonie
1%
LituanieLituanie
1%
MonténégroMonténégro
1%
SlovaquieSlovaquie
1%
VaticanVatican
1%

Distribution des résultats

Percentile par nombre de réponses

% des personnes avec chaque résultat

Votre développement - résultats

Vous n’avez pas pris ce quiz